| 000 | 00580nam a2200157 i 4500 | ||
|---|---|---|---|
| 001 | 50524 | ||
| 003 | ES-MaACL | ||
| 005 | 20230906162209.0 | ||
| 007 | t| | ||
| 008 | 030805s1966 sp ||||1| spa d | ||
| 110 | 2 |
_aCaja de Ahorros Provincial de Barcelona. _9173300 |
|
| 245 | 1 | 0 |
_aXLI Día Universal del Ahorro / _ccolaboraciones de graduados, seminarios, universitarios y de escuelas especiales. |
| 260 |
_aBarcelona : _bFondo Cultural. Caja de Ahorros Provincial. Diputación, _c1966. |
||
| 300 |
_a276 p. con lám. : _bgrab. ; _c22 cm. |
||
| 852 |
_aES-MaACL _jC-32388 _bR.63043 |
||
| 999 |
_c50524 _d50524 |
||